U.S. States Without the Letter A - Statistics

General Stats
  • This quiz has been taken 798 times
  • The average score is 13 of 14
Answer Stats
State % Correct
New York
96%
Mississippi
92%
New Mexico
92%
Ohio
92%
Vermont
92%
Wyoming
92%
Oregon
91%
New Jersey
90%
Kentucky
88%
Tennessee
88%
Illinois
87%
Missouri
86%
Connecticut
84%
Wisconsin
83%
No matching quizzes found
Score Distribution
Percent of People with Each Score
Percentile by Number Answered
Your Score History
You have not taken this quiz